Bienvenue à la Médiathèque de Saint-Andiol
banniere
Accueil Recherche avancée Mon compte
handi1 Rechercher dans le catalogue

Filtre   Mots-clés
  Recherche avancée
 
Lister les dernières nouveautés
 
Lister les livres GROS CARACTERES
 
Lister les périodiques (magazines)

handi1 Projet Polaris

Book Cover
Auteur principal : Shannon Messenger
Autres auteurs : Mathilde Tamae-Bouhon
Titre : Projet Polaris
Support : Livres
Langue : Francais
Publié : 2019 Pocket jeunesse PKJ Paris
Series : Gardiens des cités perdues
Genre : Science fiction
Collection : Gardiens des cités perdues
Sujets :
Étiquettes :
Pas de tags
LEADER 01370nam0a2200229 450
001 16851159
010 |a 978-2-266-29381-5  |b br.  |d 8,4 € 
100 |a 20200611d2019 u u0frey01 ba 
101 1 |a fre  |c eng 
102 |a FR 
200 0 |a Projet Polaris  |f Shannon Messenger  |g traduit de l'anglais (Etats-Unis) par Mathilde Tamae-Bouhon 
207 1 |a   
210 |a Paris  |c Pocket jeunesse PKJ  |d 2019 
215 |a 1 vol. (635 p.)  |c Couv. ill. en coul.  |d 18 cm 
225 1 |a Gardiens des cités perdues  |v J3224 
330 |a Passage en poche, avec label Best-seller, du tome 5 de la série à succès parue en grand format chez Lumen. Après un passage par Exillium, l'école réservée aux bannis, Sophie et ses amis sont de retour à l'académie Foxfire. Les nouveaux membres du Cygne Noir sont cependant en danger et les Invisibles multiplient les attaques contre les Cités perdues. Tandis que la tension monte avec les ogres, Sophie et sa troupe tentent d'en savoir davantage sur le plan de l'ennemi, le ' Projet Polaris '. Un étrange symbole semble en être la clé et il serait lié à... Keefe ! 
461 0 |t Gardiens des cités perdues  |v 5 
700 0 |a Messenger  |b Shannon  |4 70 
702 0 |a Tamae-Bouhon  |b Mathilde  |4 730 
900 |a Science fiction 
901 |a Adultes 
995 |a Médiathèque  |c Médiathèque  |f 089017421  |h 089017421  |k J MES 5 SF  |o p  |q a  |r az  |e Médiathèque